000 00282nam a22001337a 4500
008 170731b xxu||||| |||| 00| 0 eng d
020 _a9780135718377
041 _aeng
080 _a004
100 _a32
101 _aSHKI
245 _aATM VOLUME II
_cBLACK, U
942 _2udc
_cBK
999 _c22283
_d22283